00655nam a22002051 450000100060000000300080000600500170001400800390003103500190007003500180008904000330010704100080014008200200014810000490016824500980021726000370031530000210035260000370037365100390041026940BD-RjUL20211209051105.0140324s1964 pk 000 0 eng a(BD-RjUL)27011 a(OCoLC)941219 aDLCcNSyUdDLCdBD-RjULbeng aeng a954.7bSUP 19641 aSuleri, Z. A.q(Ziauddin Ahmad),d1913-1999.10aPoliticians & Ayub :bbeing a survey of Pakistani politics from 1948 to 1964 /cZ. A. Suleri. aLahore :bLion Art Press,c1964. a221 p. ;c22 cm.20aAyub Khan, Mohammad,d1907-1974. 0aPakistanxPolitics and government.